01154nam a22002894a 4500001001200000003000800012006001900020007001500039008004100054010001700095020001500112040002100127035002100148050002300169082001900192100002700211245011100238260006800349300002500417504006400442533015200506650001700658655002900675710001700704856012600721999001700847ebr10069882CaPaEBRm u cr cn|||||||||020123s2003 enka sb 001 0 eng  z 2002019217 z0521814626 aCaPaEBRcCaPaEBR a(OCoLC)55967486614aHB144b.K45 2003eb04a658.4/03532211 aKelly, Anthony,d1957-10aDecision making using game theoryh[electronic resource] :ban introduction for managers /cAnthony Kelly. aCambridge, UK ;aNew York :bCambridge University Press,c2003. aviii, 204 p. :bill. aIncludes bibliographical references (p. 192-198) and index. aElectronic reproduction.bPalo Alto, Calif. :cebrary,d2013.nAvailable via World Wide Web.nAccess may be limited to ebrary affiliated libraries. 0aGame theory. 7aElectronic books.2local2 aebrary, Inc.40uhttp://site.ebrary.com/lib/rucke/Doc?id=10069882zAn electronic book accessible through the World Wide Web; click to view c30233d30233